1,000 gerat events
| Format: | Book |
|---|---|
| Published: |
London :
Hamlyn Publishing Group Ltd. ,
1978
|
| Subjects: |
MARC
| LEADER | 00000cam a2200000 7i4500 | ||
|---|---|---|---|
| 001 | 0000028708 | ||
| 002 | 000030980 | ||
| 005 | 20000330.0 | ||
| 020 | |a 0600387437 | ||
| 090 | 0 | 0 | |a 909 |b ONE |
| 245 | 0 | 0 | |a 1,000 gerat events |c edited by Lynne Sabel and phillip Steele |
| 260 | |a London : |b Hamlyn Publishing Group Ltd. , |c 1978 | ||
| 300 | |a 352p. : |b ill. ; |c 24cm. | ||
| 650 | 0 | 0 | |a Events |
| 650 | 0 | 0 | |a World history |
| 999 | |a 0001086 |b BUKU |c PINJAMAN |e PERPUSTAKAAN KOMUNITI PETALING JAYA | ||